Tables de multiplication en 30 secondes - Statistiques

Statistiques générales
  • Ce quiz a été pris 926 fois
  • Le résultat moyen est 34 sur 55
Statistiques - réponses
Hint # % Correct
1x1 1
100%
2x1 2
99%
3x1 3
99%
4x1 4
99%
2x2 4
99%
5x1 5
99%
6x1 6
99%
2x3 6
99%
7x1 7
99%
8x1 8
99%
2x4 8
99%
9x1 9
99%
3x3 9
99%
10x1 10
98%
2x5 10
98%
2x6 12
95%
3x4 12
95%
2x7 14
91%
2x8 16
91%
4x4 16
91%
2x10 20
90%
4x5 20
90%
2x9 18
89%
3x6 18
89%
3x5 15
79%
3x10 30
72%
5x6 30
72%
3x8 24
70%
4x6 24
70%
3x7 21
69%
3x9 27
57%
4x7 28
47%
4x10 40
47%
5x8 40
47%
5x5 25
39%
4x8 32
36%
4x9 36
35%
6x6 36
35%
5x10 50
32%
5x7 35
30%
5x9 45
26%
6x10 60
21%
9x10 90
21%
7x10 70
20%
8x10 80
20%
10x10 100
19%
6x7 42
13%
9x9 81
12%
6x8 48
10%
7x8 56
10%
7x7 49
9%
6x9 54
8%
8x9 72
7%
7x9 63
6%
8x8 64
6%
Aucun quiz correspondant
Distribution des résultats
% des personnes avec chaque résultat
Percentile par nombre de réponses
Votre historique - résultats
Vous n’avez pas pris ce quiz